Associa l'attore al suo vero nome - Statistics

Statistiche generali
  • Questo quiz è stato fatto 139 volte
  • Il punteggio medio è 11 su 16
Statistiche sulle risposte
Hint Risposta % Corretto
Emily Jean Stone Emma Stone
94%
Thomas Cruise Mapother IV Tom Cruise
94%
Audrey Kathleen Ruston Audrey Hepburn
88%
Nicolas Kim Coppola Nicolas Cage
88%
Benjamin Edward Meara Stiller Ben Stiller
87%
Demi Gene Guynes Demi Moore
87%
Joaquin Rafael Bottom Joaquin Phoenix
86%
Dwayne Douglas Johnson The Rock
81%
Neta-Lee Hershlag Natalie Portman
71%
Norma Jeane Mortenson Marilyn Monroe
68%
Mark Vincent Sinclair Vin Diesel
67%
Krishna Pandit Bhanji Ben Kingsley
43%
Eric Marlon Bishop Jamie Foxx
33%
Maurice Joseph Micklewhite Michael Caine
30%
Issur Danielovitch Demsky Kirk Douglas
26%
Michael John Douglas Michael Keaton
20%
Nessun quiz corrispondente trovato
Distribuzione punteggi
Percentuale di utenti per punteggio
Percentile per numero di risposta
I tuoi punteggi nel tempo
Non hai fatto questo quiz